| 000 | 00411nam a22001457a 4500 | ||
|---|---|---|---|
| 008 | 250116b ||||| |||| 00| 0 eng d | ||
| 020 | _a9879966084086 | ||
| 050 |
_aHG4028 _b.M38 2009 |
||
| 100 | _aMburu, Henry Kimani | ||
| 245 |
_aCash flow management: _ball you need to know/ |
||
| 260 |
_aNairobi; Kenya _bPaulines Publications Africa |
||
| 300 |
_a64p.; _c21 cm. |
||
| 650 | _aCash flow. | ||
| 942 |
_2lcc _cBK |
||
| 999 |
_c59549 _d59549 |
||